000 00538nam a2200193 4500
001 115900
003 ES-MaACL
005 20231228173809.0
007 t|
008 061121s1946 sp r ||||1| cat d
080 _aB-10671
100 1 _aOrs, Eugenio d',
_d1881-1954
_987358
245 1 3 _aLa ben plantada /
_cEugenio d'Ors.
250 _a7ยช. ed.
260 _aBarcelona :
_bBiblioteca Selecta,
_c1946.
300 _a165 p. :
_b`retr.aut.` ;
_c15 cm.
852 _aES-MaACL
_jB-10671
_bR.22919
999 _c115900
_d115900